Industrial furnaces

Saved in:
Bibliographic Details
Main Author: Trinks, W (Author)
Format: Book
Language:English
Published: Nueva York John Wiley 1955
Edition:3a. ed
Subjects:
Tags: Add Tag
No Tags, Be the first to tag this record!

MARC

LEADER 00000nam a2200000 a 4500
001 UCU7183
003 CL-VaPUC
008 960628e19550000US |||||||||||||||||eng|d
082 0 4 |a 658.28  |b TRI  |2 21 
100 0 |a Trinks, W  |e author  |9 365787 
245 1 0 |a Industrial furnaces 
250 |a 3a. ed 
300 |a v 
942 |c BK 
945 |d 19960628 00:00:00  |a paguirre 
260 |a Nueva York  |b John Wiley  |c 1955 
650 0 |a Tecnología química   |9 263002 
650 7 |a INDUSTRIA QUIMICA  |2 CL-VaPUC  |9 365788 
650 0 |a Combustibles  |9 271720 
650 7 |a ENERGIA QUIMICA  |2 CL-VaPUC  |9 365789 
650 0 |a Transmisión de calor  |9 259410 
650 0 |a Calor específico  |9 259409 
650 7 |a COMBUSTIBLES SOLIDOS  |2 CL-VaPUC  |9 365765 
583 |a last modification  |c 19960628 00:00:00  |k Rodrigo Vera 
999 |c 249870  |d 249868 
952 |0 0  |1 0  |4 0  |6 658_280000000000000_TRI_1955  |7 0  |8 A  |9 267423  |a BIBING  |b BIBING  |d 2019-11-19  |h v.2  |i 1695800  |o 658.28 TRI 1955  |p 1695800  |r 2025-01-20  |w 2019-11-19  |y BK  |k EIQ